| 000 | 00626cam a2200229 a 4500 | ||
|---|---|---|---|
| 001 | 1408179 | ||
| 005 | 20180103073735.0 | ||
| 008 | 841025s1984 ilua b 001 0 eng | ||
| 010 | _a 83062004 | ||
| 020 | _a0875812996 (pbk.) | ||
| 040 |
_aDLC _cDLC _dDLC _dOCoLC |
||
| 041 | _aeng | ||
| 043 | _an-us--- | ||
| 080 | _a307 COX | ||
| 082 | 0 | 0 |
_a307 COX _219 |
| 100 | _a53 | ||
| 101 | _aMEN | ||
| 245 | 0 | 0 |
_aTactics and techniques of community practice / _c[editors] Fred M. Cox ... [et al.]. |
| 504 | _aIncludes bibliographies and indexes. | ||
| 906 |
_a7 _bcbc _corignew _d2 _eopcn _f19 _gy-gencatlg |
||
| 942 |
_2ddc _cBK |
||
| 999 |
_c39638 _d39638 |
||